Kluby Saudi Professional League 25/26 - nagła śmierć - Statystyki

Ogólne statystyki
  • Ten quiz został rozwiązany 49 razy
  • Średni wynik to 6 z 18
Answers on the Grid
Answers color-coded by a green-red scale on the quiz's grid according to % correct below.
Al-Tai FC
Al-Okhdood Club
Damac FC
Al-Khor SC
Al-Kholood Club
Al-Batin FC
Al-Fayha FC
Al Wehda FC
Al-Ettifaq FC
Al-Bukiryah FC
Al-Riyadh SC
NEOM SC
Al-Orobah FC
Al-Nassr Riyadh
Al-Khaleej FC
Al-Fateh SC
Al-Duhail SC
Al-Ittihad Club
Ohod Club
Al-Shabab FC
Al-Jabalain FC
Al-Ahli Dżudda
Al-Taawoun FC
Al-Ahli Doha
Al Hilal SFC
Al-Qadisiyah FC
Al-Hazem SC
Abha Club
Al-Najma SC
 
Statystyki odpowiedzi
Odpowiedź % Poprawnych
Al-Ittihad Club
71%
Al-Nassr Riyadh
69%
Al-Ettifaq FC
63%
Al Hilal SFC
63%
Al-Riyadh SC
49%
Al-Ahli Dżudda
40%
Al-Qadisiyah FC
40%
Al-Shabab FC
40%
Al-Fateh SC
37%
NEOM SC
34%
Al-Kholood Club
23%
Damac FC
23%
Al-Fayha FC
20%
Al-Khaleej FC
20%
Al-Hazem SC
14%
Al-Taawoun FC
14%
Al-Najma SC
11%
Al-Okhdood Club
11%
Nie znaleziono quizów pasujących do podanych kryteriów
Rozkład punktacji
Procent ludzi z każdym wynikiem
Percentyl według liczby udzielonych odpowiedzi
Twoja historia wyników
Nie rozwiązałeś tego quizu